Ontario Political Parties in the House - Statistics

General Stats
  • This quiz has been taken 39 times
  • The average score is 6 of 15
Answer Stats
Year # Party % Correct
1929 90 Conservative
100%
1987 95 Liberal
100%
2023 2 Green
93%
1990 74 New Democratic
93%
1924 15 Progressive
62%
2021 1 New Blue
41%
1943 2 Communist
31%
1919 11 Labour
31%
1943 34 Co-operative Commonwealth
24%
2021 1 Ontario
24%
1921 47 United Farmers
21%
2017 1 Trillium
10%
1919 1 Soldier
7%
1894 3 Patrons of Industry
3%
1894 1 Protestant Protective Association
3%
No matching quizzes found
Score Distribution
Percent of People with Each Score
Percentile by Number Answered
Your Score History
You have not taken this quiz